|
|
|
|
| LEADER |
00000nab a2200000 ar4500 |
| 001 |
vtls008954628 |
| 003 |
SK-MaSNL |
| 005 |
20260303070325.0 |
| 008 |
070313c2007 xo mr|p|||||||000 b|slo |
| 015 |
|
|
|a SNBRB2007/03
|2 snkbucl
|
| 038 |
|
|
|a SNKBUCL
|
| 040 |
|
|
|a SNKBUCL
|b slo
|c SNKBUCL
|e AACR2
|
| 041 |
0 |
|
|a slo
|
| 044 |
|
|
|a xo
|c SK
|
| 080 |
|
|
|a 791.222
|x (437.6)
|2 2001
|
| 245 |
0 |
0 |
|a Vojnová dráma o princípoch ľudskosti
|c [autor] (uwe)
|
| 300 |
|
|
|b Fotogr.
|
| 500 |
|
|
|a Réžia Patrik Lančarič
|
| 630 |
0 |
7 |
|a Rozhovor s nepriateľom (film)
|2 snkbucl
|9 1043478
|
| 773 |
0 |
|
|t Film.sk
|g Roč. 8, č. 3 (2007), s. 20-21
|x 1335-8286
|
| 852 |
|
|
|a SNK
|b KIS3GCP
|
| 958 |
|
|
|a SK
|
| 999 |
|
|
|c 1754883
|d 1756813
|